00389 2200157 4500245006300000020002400063250001000087100001800097650001900115005001900134260003800153041001400191084000800205300000900213336000900222 aEnglish Power I am Creative Class XIIcDrs.Syaiful MhText a978-623-9777784-5-3 acet.1 aDrs.Syaiful M aBahasa Inggris a20250113082111 aJakartabUsaha Buku Rorotanc2021 aIndonesia a420 a58 : atext